00637nam a2200181Ia 4500003000900000008004100009040001600050080001600066110004000082245009600122260005200218300001000270650004100280650002300321942000700344999001300351952009100364IN-BaIIA211028s9999 xx 000 0 eng d cIIA Library a550.34bMER aObservatoire royal de Belgique9791 0aLisbe des observatoiris magnetiques ed des observatoiris sesimologiquescObs. Roy. Belgique aBruxellsbObservatoire Royal De Belgeiquec1910 a192p. aAstronomy and Astrophysics Thesaurus aObservatories9792 cBK c368d368 00104070aBANbKODcGENd0000-00-00l0o550.34/ MERp361r2021-11-05w0000-00-00yBK